000 00873nam a2200229Ia 4500
003 OSt
005 20220930095120.0
006 a|||||r|||| 00| 0
007 ta
008 220926b |||||||| |||| 00| 0 pan d
024 _a121458
037 _cTheses
040 _aCRL
_cCRL
_bpan
041 _2pan
_apan
100 _aਜਗਬੀਰ ਸਿੰਘ
110 _aਦਿੱਲੀ ਯੂਨੀਵਰਸਿਟੀ. ਕਲਾ ਸੰਕਾਏ. ਐਮ ਆਈ ਐਲ ਡਿਪਾਰਟਮੇ੍ਵਟ
_9556922
245 0 _aਗੁਰੂ ਨਾਨਕ ਬਾਣੀ ਵਿਚ ਨੈਤਿਕਤਾ ਦਾ ਸੰਕਲਪ
260 _c1970
700 _aਦਿੱਲੀ ਯੂਨੀਵਰਸਿਟੀ. ਕਲਾ ਸੰਕਾਏ. ਐਮ ਆਈ ਐਲ ਡਿਪਾਰਟਮੇ੍ਵਟ
_9556923
942 _cDIS
_2CC
999 _c888354
_d888354